000 00587nam a22001337a 4500
999 _c80335
_d80335
008 201130b ||||| |||| 00| 0 eng d
040 _bger
_cSTAFF
_erda
_aISIL EINTRAGEN
245 _a26 Patienten mit Corona am Klinikum:
_bPandemie: Sieben-Tage-Inzidenz in Frankfurt verharrt mit einem Wert von 161 zu Wochenbeginn weiter auf hohem Niveau/
_cthg
773 _dFrankfurt (Oder): Märkisches Verlags- und Druckhaus GmbH & Co KG
_g31. Jahrgang (2020) Nr. 286 vom 08.12.2020, S. 13
_tMärkische Oderzeitung
942 _cA